|
|
|
|
| LEADER |
00989nam a2200313 4500 |
| 001 |
DLU180183868 |
| 005 |
##20180309 |
| 020 |
# |
# |
|a 9786047866908
|
| 040 |
# |
# |
|a DLU
|b vie
|
| 041 |
# |
# |
|a vie
|
| 044 |
# |
# |
|a vn
|
| 082 |
# |
# |
|a 394.12
|b LO-C
|
| 100 |
# |
# |
|a Lò Văn Chiến.
|
| 245 |
# |
# |
|a Văn hóa ẩm thực người Pu Nả ở Lai Châu /
|c Lò Văn Chiến.
|
| 260 |
# |
# |
|a H. :
|b Mỹ thuật,
|c 2017.
|
| 300 |
# |
# |
|a 219 tr. :
|b minh họa màu ;
|c 21 cm.
|
| 505 |
# |
# |
|a Chương một. Người Pu Nả và những môi trường ảnh hưởng đến ẩm thực -- Chương hai. Cách chế biến một số món ăn, thức uống, đôi điều nhận xét.
|
| 650 |
# |
# |
|a Pu Nả (Dân tộc Việt Nam)
|z Việt Nam
|z Lai Châu
|x Thực phẩm.
|
| 923 |
# |
# |
|a 02/2017
|
| 991 |
# |
# |
|a SH
|
| 992 |
# |
# |
|a 9000
|
| 994 |
# |
# |
|a DLU
|
| 900 |
# |
# |
|a True
|
| 911 |
# |
# |
|a Nguyễn Thanh Hương
|
| 925 |
# |
# |
|a G
|
| 926 |
# |
# |
|a A
|
| 927 |
# |
# |
|a SH
|
| 980 |
# |
# |
|a Thư viện Trường Đại học Đà Lạt
|